|
|
|
|
| LEADER |
00686nab a2200193 i 4500 |
| 001 |
acta14655 |
| 005 |
20210409124529.0 |
| 008 |
161015s1978 hu o 0|| eng d |
| 022 |
|
|
|a 0001-6969
|
| 040 |
|
|
|a SZTE Egyetemi Kiadványok Repozitórium
|b hun
|
| 041 |
|
|
|a eng
|
| 100 |
1 |
|
|a Fried Erich
|
| 245 |
1 |
3 |
|a On automorphisms of the subalgebra lattice induced by automorphisms of the algebra
|h [elektronikus dokumentum] /
|c Fried Erich
|
| 260 |
|
|
|c 1978
|
| 300 |
|
|
|a 49-52
|
| 490 |
0 |
|
|a Acta scientiarum mathematicarum
|v 40 No. 1-2
|
| 695 |
|
|
|a Matematika
|
| 700 |
0 |
1 |
|a Grätzer George A.
|e aut
|
| 856 |
4 |
0 |
|u http://acta.bibl.u-szeged.hu/14655/1/math_040_fasc_001_002_049-052.pdf
|z Dokumentum-elérés
|